000 01054nam a2200337 a 4500
001 000044534
003 DO-SdBNP
005 20180327142446.0
007 000044534
008 140711s1998 dr 000 0 spa d
020 _a8489539766
040 _aBPMSU
_bspa
_cBPMSU
082 0 4 _a883.01
_bH766i
100 1 _aHomero
_dca.725 a.C.
245 1 3 _aLa Ilíada /
_cHomero ; prólogo Diógenes Céspedes.
260 _aSanto Domingo :
_bDe Colores,
_c1998.
300 _a99 p. ;
_c21 cm.
490 1 _aClásicos de colores
650 4 _aPOESÍA ÉPICA GRIEGA
650 4 _aLITERATURA GRIEGA
700 1 _aCéspedes, Diógenes
_epról.
830 0 _aClásicos de colores
910 _aValidado. Control de calidad MFF
942 _2ddc
_cBK
945 _aRemanejado para la BNPHU, 2018 / BT
956 _aYLOCKWARD
_b10
_c20140711
_lBND01
_h1027
956 _aLOPEREZ
_b10
_c20140714
_lBND01
_h1339
956 _aLOPEREZ
_b10
_c20140714
_lBND01
_h1344
956 _aMFILETO
_b40
_c20140717
_lBND01
_h1415
956 _aVMATEO
_b10
_c20150413
_lBND01
_h00151
999 _c7621
_d7621